000 00419nmm a2200145Ia 4500
008 251105s9999||||xx |||||||||||||||||und||
041 _aspa
100 _aTristante, Jerónimo
245 0 _aEl misterio de la casa Aranda
264 _a[Madrid, España] :
_bMaeva Ediciones,
_c2007
300 _a0 páginas
650 _aThriller & Suspense
856 _uhttps://public.digitaliapublishing.com/a/31469
942 _cCF
999 _c104242
_d104242